Pays d'Asie avec une carte vierge - Statistiques

Statistiques générales
  • Ce quiz a été pris 40 492 fois
  • Le résultat moyen est 41 sur 48
Réponses sur la Carte
Les réponses sont colorées sur une échelle allant du rouge au vert en fonction du pourcentage des utilisateurs qui les ont devinées à leur premier essai. Vous pouvez retrouver ces pourcentages ci-dessous.
 
Statistiques - réponses
Pays % Correct
Chine
100%
Inde
98%
Japon
98%
Corée du Nord
95%
Corée du Sud
95%
Indonésie
94%
Iran
94%
Pakistan
94%
Arabie Saoudite
93%
Irak
93%
Mongolie
93%
Thaïlande
93%
Viêt Nam
93%
Afghanistan
92%
Laos
91%
Népal
91%
Kazakhstan
90%
Ouzbékistan
90%
Cambodge
89%
Yémen
89%
Israël
88%
Turkménistan
88%
Turquie
88%
Oman
87%
Bangladesh
86%
Birmanie
86%
Jordanie
86%
Sri Lanka
86%
Syrie
86%
Arménie
85%
Qatar
85%
Bhoutan
84%
Émirats arabes unis
84%
Malaisie
84%
Taïwan
84%
Azerbaïdjan
83%
Philippines
83%
Tadjikistan
83%
Géorgie
82%
Kirghizistan
82%
Liban
82%
Singapour
80%
Koweït
77%
Bahreïn
74%
Brunei
72%
Maldives
69%
Timor oriental
68%
Chypre
60%
Aucun quiz correspondant
Distribution des résultats
% des personnes avec chaque résultat
Percentile par nombre de réponses
Votre historique - résultats
Vous n’avez pas pris ce quiz